| 000 | 01197nam a22003257a 4500 | ||
|---|---|---|---|
| 003 | CHAP | ||
| 005 | 20220329134414.0 | ||
| 008 | 971013s1958 r 00010 d | ||
| 010 | _a20055 | ||
| 011 | _a21027 | ||
| 035 | _a25116 | ||
| 040 | _cCHAP | ||
| 082 |
_a622.3493 _bA5 |
||
| 100 | 0 | 0 |
_aAntunez Echagary, Francisco. _96109 |
| 245 | _aManual para la exploración del uranio | ||
| 260 |
_aMéxico, D.F., : _bComisión Nacional de Energía Nuclear, _c1958 |
||
| 300 |
_a353 p. _b: ilus |
||
| 590 |
_aBATCH-UPD _b10 _c20130110 _lUCH01 _h1623 |
||
| 590 |
_aBATCH-UPD _b10 _c20130410 _lUCH01 _h1017 |
||
| 590 |
_aCONVERSION _b10 _c20130109 _lUCH01 _h1312 |
||
| 650 | 1 | 4 |
_aUranio. _9116817 |
| 650 | 1 | 4 |
_aYacimientos minerales. _9122929 |
| 901 | _aBK | ||
| 942 | _cLIBRO | ||
| 949 |
_a622.3493 A5 _bBC _cLIBRO _d33724000017794 _eLIBRO _fc.2 _h16422 _i25116 _mD _si |
||
| 949 |
_a622.3493 A5 _bBC _cLIBRO _d33724000017802 _eLIBRO _h18689 _i25116 _mD _si |
||
| 949 |
_a622.3493 A5 _bBC _cLIBRO _d33724000017810 _eLIBRO _fc.3 _h16423 _i25116 _mD _si |
||
| 949 |
_a622.3493 A5 _bBC _cLIBRO _d33724000017828 _eLIBRO _fc.4 _h16424 _i25116 _mD _si |
||
| 949 |
_a622.3493 A5 _bBC _cLIBRO _d33724000017836 _eLIBRO _fc.5 _h16425 _i25116 _mD _si |
||
| 999 |
_c20055 _d20055 |
||